000 01051nam a22003970a 4500
001 PT55295
003 AR-LpoUNG
005 20210131231659.0
008 191001s2008||||ag |||||||||||||||||spa d
020 _a9789508923042
_c$
040 _aAR-LpoUNG
_bspa
_cAR-LpoUNG
_eaacr
041 _aspa
044 _aag
082 0 _a371.912 374con
100 1 _aSchorn, Marta
245 1 3 _aLa conducta impulsiva del niño sordo :
_baportes desde la psicología y el psicoanálisis
250 _a1ra. ed.
260 _aBuenos Aires :
_bLugar,
_c2008.
300 _a151 p. :
_btbls.
650 4 _aCOMUNICACION
650 4 _aEDUCACION
650 4 _aEDUCACION DE SORDOS
650 4 _aESTUDIOS DE CASOS
650 4 _aIMPEDIDOS
650 4 _aLENGUA MATERNA
650 4 _aLENGUAJE
650 4 _aLENGUAJE DEL NIÑO
650 4 _aLINGUISTICA
650 4 _aPAPEL DEL LENGUAJE
650 4 _aPSICOLOGIA
650 4 _aSORDOS
651 4 _aDOCUMENTOS TEORICOS O METODOLOGICOS
653 _aDISCAPACIDAD
905 _a55295
942 _cLIB
999 _c11379
_d11379